Statistiche per Persone più influenti della storia

Clicka qui per fare il quiz!

Statistiche generali

  • Questo quiz è stato fatto 436 volte
  • Il punteggio medio è 4 su 10

Statistiche sulle risposte

Anno nascita e morteRisposta% Corretto
(0-33)Gesù
97%
(1889-1945)Adolf Hitler
88%
(1769-1821)Bonaparte Napoleone
73%
(356 a.c.-323 a.c.)Alessandro Magno
51%
(570-632)Maometto
38%
(1452-1519)Leonardo Da Vinci
30%
(427 a.c.-347 a.c.)Platone
24%
(1162-1227)Gengis Khan
16%
(1643-1727)Isaac Newton
15%
(1770-1827)Ludwig Wan Beethoven
10%

Distribuzione punteggi

Percentile per numero di risposta

Percentuale di utenti per punteggio

I tuoi punteggi nel tempo

Non hai fatto questo quiz